[Event "Montigny le Bretonneux op 22nd"]
[Site "Montigny le Bretonneux"]
[Date "2023.12.29"]
[Round "6"]
[White "Appavou, Calixte"]
[Black "Laot, Celestin"]
[Result "1-0"]
[WhiteElo "1747"]
[BlackElo "1199"]
[PlyCount "83"]
[EventDate "2023.12.27"]
[EventType "swiss"]
[EventRounds "7"]
[EventCountry "FRA"]
[SourceTitle "CB06_2024"]
[SourceDate "2024.02.07"]
[SourceVersion "1"]
[SourceVersionDate "2024.02.07"]
[SourceQuality "1"]

1. e4 c5 2. Nf3 Nc6 3. d4 cxd4 4. Nxd4 g6 5. c3 Bg7 6. Be3 Nf6 7. Nxc6 bxc6 8. f3 0-0 9. Be2 Qc7 10. 0-0 d5 11. exd5 cxd5 12. Na3 a6 13. Qd2 Bb7 14. Nc2 Rfd8 15. Rac1 Rab8 16. Nd4 e5 17. Nb3 a5 18. Nc5 Bf8 19. Nxb7 Qxb7 20. b3 Rd7 21. Bh6 Bc5+ 22. Kh1 e4 23. Be3 Ba3 24. Rc2 Rc8 25. Bd4 Be7 26. f4 Rd6 27. f5 Ne8 28. Bg4 Rcc6 29. Qe3 Qc7 30. Rcf2 Bf6 31. fxg6 hxg6 32. h3 Bxd4 33. cxd4 Ng7 34. Qd2 f5 35. Bd1 Re6 36. Re2 Re8 37. b4 Ra8 38. b5 Rc4 39. Bb3 Rb8 40. a4 Rb4 41. Bxd5+ Kf8 42. Qh6 1-0